Die paedagogische Konstruktion der "Dritten Welt" : Bilanz und Perspektiven der Entwicklungspaedagogik

Αποθηκεύτηκε σε:
Λεπτομέρειες βιβλιογραφικής εγγραφής
Κύριος συγγραφέας: Treml, Alfred
Μορφή: Βιβλίο
Γλώσσα:German
Δημοσίευση: Frankfurt am Main : IKO- Verl. fur Interkulturelle Kommunikation, 1996
Θέματα:
Ετικέτες: Προσθήκη ετικέτας
Δεν υπάρχουν, Καταχωρήστε ετικέτα πρώτοι!

MARC

LEADER 00000nam a2200000 i 4500
001 1/12194
008 000919s1996 ger d
020 |a 3-88939-289-X 
035 |l 10064115 
040 |a GR-MY-UA  |b gre  |e aacr 
041 0 |a ger 
082 0 |a 370.1724 
100 1 |a Treml, Alfred. 
245 1 4 |a Die paedagogische Konstruktion der "Dritten Welt" :  |b Bilanz und Perspektiven der Entwicklungspaedagogik /  |c Alfred K. Treml 
260 |a Frankfurt am Main :   |b IKO- Verl. fur Interkulturelle Kommunikation,   |c 1996 
300 |a 229 p.;  |c 21 cm 
650 0 0 |a Education  |z Developing countries. 
852 |a INST  |b RHODES  |e 20000919  |h 370.1724 TRE  |p 005400013882  |q 005400013882  |t BK  |y 0 
901 |a BIBL4-2000-3 
909 |a Ρ  |b 069296 
922 |a 4ΕΛΗ  |b 199910  |c ΚΠΣ/154  |d LEADER BOOKS 
970 |z 2000/09/ΑΔΑΜ